[Event "Site's Suggest Opponents"]
[Site "http://www.queenalice.com/game.php?id=1598923"]
[Date "2020.2.9"]
[Round "-"]
[White "BobFish"]
[Black "Gumo"]
[Result "1-0"]
[WhiteElo "1697"]
[BlackElo "1379"]

1. e4 Nf6 2. e5 Nd5 3. c4 Nb6 4. d4 c5 5. dxc5 Nxc4 6. Bxc4 Qa5+ 7. Nc3 Qxc5 8.
Qe2 e6 9. Nf3 Nc6 10. O-O h5 11. Nb5 Nd4 12. Nfxd4 h4 13. Nb3 Qc6 14. Bd5 Qb6
15. Qc4 Bc5 16. Qxc5 Qxc5 17. Nxc5 exd5 18. Nc7+ Kd8 19. Nxa8 b6 20. Bg5+ f6 21.
exf6 Rh5 22. f7+ Rxg5 23. f8=Q# 1-0

[Event "Pandemic of Isolation!!!"]
[Site "http://www.queenalice.com/game.php?id=1603873"]
[Date "2020.3.23"]
[Round "-"]
[White "Gumo"]
[Black "swampthing"]
[Result "1-0"]
[WhiteElo "1376"]
[BlackElo "1494"]

1. e4 Nf6 2. Nc3 e5 3. d3 Bc5 4. h3 c6 5. Be3 Qa5 6. Nf3 d5 7. Nxe5 Qb6 8. Na4
Qa5+ 9. Nc3 d4 10. Ng4 dxc3 11. b3 O-O 12. d4 Ba3 13. Ne5 Nxe4 14. Bd3 Qd5 15.
O-O f6 16. Bc4 Be6 17. Bxd5 Bxd5 18. Qh5 fxe5 19. dxe5 Rxf2 20. Rxf2 Nxf2 21.
Bxf2 Nd7 22. Re1 Rf8 23. Bd4 c5 24. Bf2 c4 25. e6 Nf6 26. Qe5 cxb3 27. axb3 b6
28. g4 Bc5 29. e7 Nd7 30. Qxd5+ Kh8 31. Bxc5 Nxc5 32. exf8=Q# 1-0

[Event "I'm gonna smash you to tits!!!"]
[Site "http://www.queenalice.com/game.php?id=1618164"]
[Date "2020.6.26"]
[Round "-"]
[White "Gumo"]
[Black "swampthing"]
[Result "1-0"]
[WhiteElo "1397"]
[BlackElo "1473"]

1. e3 d5 2. g3 c6 3. Bh3 e6 4. Ne2 Bd6 5. Nf4 Nf6 6. Nh5 O-O 7. Nxg7 Kxg7 8. Nc3
b5 9. d3 Qa5 10. Qd2 b4 11. Ne2 e5 12. e4 Bxh3 13. Qg5+ Kh8 14. Qxf6+ Kg8 15.
Bh6 Bg2 16. Qg7# 1-0

[Event "Reality Disfunction"]
[Site "http://www.queenalice.com/game.php?id=1634410"]
[Date "2020.11.27"]
[Round "-"]
[White "Gumo"]
[Black "swampthing"]
[Result "1-0"]
[WhiteElo "1416"]
[BlackElo "1440"]

1. Nc3 Nc6 2. a3 e5 3. b4 a5 4. Bb2 d5 5. e3 Be6 6. Nce2 axb4 7. Ng3 f5 8. Nf3
e4 9. Nh4 g6 10. Bxh8 Nf6 11. Ne2 bxa3 12. Nf4 Ng4 13. g3 Nce5 14. Nxe6 Qe7 15.
Nf4 Qd6 16. Nhg2 Nf7 17. Bc3 c5 18. Qb1 d4 19. Bb2 dxe3 20. fxe3 Ng5 21. Nh4 Rd8
22. Bc3 Ne6 23. Nxe6 Qxe6 24. Qxb7 f4 25. Bb5+ Rd7 26. Qa8+ Kf7 27. Rf1 f3 28.
Nxf3 Nf6 29. Ng5+ Ke7 30. Nxe6 Kxe6 31. Rxf6+ 1-0

[Event "The Shaolin Cowboy"]
[Site "http://www.queenalice.com/game.php?id=1643239"]
[Date "2021.2.10"]
[Round "-"]
[White "swampthing"]
[Black "Gumo"]
[Result "0-1"]
[WhiteElo "1423"]
[BlackElo "1433"]

1. e4 Nc6 2. d4 e5 3. Nf3 exd4 4. Nxd4 Bc5 5. c3 Nf6 6. Bf4 O-O 7. Bd3 Re8 8. b4
Nxe4 9. bxc5 Nxc3+ 10. Be2 Nxd1 11. O-O Nxd4 12. Rxd1 Nxe2+ 13. Kf1 Nxf4 0-1

[Event "Zu Warriors from Magic Mountain"]
[Site "http://www.queenalice.com/game.php?id=1759097"]
[Date "2021.5.10"]
[Round "-"]
[White "swampthing"]
[Black "Gumo"]
[Result "1-0"]
[WhiteElo "1412"]
[BlackElo "1449"]

1. e3 c6 2. d4 Nf6 3. Nf3 e6 4. b3 a5 5. Na3 b5 6. Ne5 a4 7. Bd2 Ne4 8. c4 Bxa3
9. cxb5 cxb5 10. Bxb5 Nd6 11. bxa4 Bb7 12. Qb3 Bxg2 13. Qxa3 Ne4 14. Rg1 Ra5 15.
Rxg2 g6 16. Nc4 Ra6 17. Qd3 Nxd2 18. Kxd2 O-O 19. Ne5 Rc6 20. d5 Qa5+ 21. Ke2
Rfc8 22. dxc6 Qb4 23. Rc1 Qb2+ 24. Rc2 Qxe5 25. cxd7 Nxd7 26. Rxc8+ Nf8 27. Qd8
Qg7 28. Rg5 h5 29. Qe7 h4 30. Rgc5 Kh7 31. Qxh4+ Kg8 32. Re8 Qh7 33. Qd8 f5 34.
Rxf8+ Kg7 35. Qf6+ Kh6 36. Rh8 e5 37. Qh4+ Kg7 38. Rc7+ Kxh8 39. Qxh7# 1-0

[Event "Challenge"]
[Site "http://www.queenalice.com/game.php?id=1765094"]
[Date "2021.7.22"]
[Round "-"]
[White "Kees_Popinga"]
[Black "Gumo"]
[Result "0-1"]
[WhiteElo "1668"]
[BlackElo "1432"]

1. d4 Nf6 2. Nf3 Nd5 3. e4 Nb4 4. Bc4 e6 5. a3 N4c6 6. O-O Na5 7. Ba2 h6 8. b4
Nac6 9. d5 Qf6 10. Nc3 Qxc3 11. Bd2 Qf6 12. dxc6 bxc6 13. Qe1 Ba6 14. Bc3 Qe7
15. b5 Bxb5 16. Bb4 c5 17. Ba5 Bxf1 18. Kxf1 g5 19. Bxc7 g4 20. Ne5 c4 21. Qd1
d5 22. Qxg4 Qxc7 23. Qg3 Nc6 24. Nxc6 Qxc6 25. Qf3 dxe4 26. Qf6 Rg8 27. Qd4 e3
28. Qxe3 Qxg2+ 29. Ke2 Qd5 30. Rd1 Qh5+ 31. Qf3 Qe5+ 32. Kf1 Rc8 33. Re1 Qxh2
34. Ke2 Rg1 35. Rxg1 Qxg1 36. Qb7 Qg4+ 37. Kd2 Rd8+ 38. Kc3 Qd4# 0-1

[Event "insert clever game name here"]
[Site "http://www.queenalice.com/game.php?id=1766021"]
[Date "2021.8.2"]
[Round "-"]
[White "swampthing"]
[Black "Gumo"]
[Result "0-1"]
[WhiteElo "1447"]
[BlackElo "1457"]

1. Nf3 Nf6 2. e3 e6 3. d4 Bb4+ 4. Bd2 Bd6 5. Bd3 c5 6. e4 Nh5 7. e5 Be7 8. Be3
Qb6 9. g4 Qxb2 10. Nbd2 cxd4 11. Bxd4 Qb4 12. gxh5 Nc6 13. Rb1 Qa5 14. c3 g5 15.
Nb3 Qd5 16. Rg1 Rg8 17. Bxh7 Rg7 18. Nxg5 Rxg5 19. Rxg5 Qh1+ 20. Kd2 Bxg5+ 21.
Be3 Qg2 22. Qg1 Qd5+ 23. Nd4 Qxa2+ 24. Nc2 Bxe3+ 25. fxe3 Qd5+ 26. Nd4 Ne7 27.
Kd3 b6 28. Qg7 Nc6 29. Qh8+ Ke7 30. Qf6+ Ke8 31. Rg1 Nxe5+ 32. Ke2 Qa2+ 33. Kf1
Ba6+ 34. Ke1 Nd3+ 35. Bxd3 Qa1+ 36. Kf2 Qa2+ 37. Be2 Kf8 38. Qh8+ Ke7 39. Qxa8
e5 40. Rg8 exd4 41. Qe8+ Kd6 42. Qxf7 Qxf7+ 0-1

[Event "Challenge"]
[Site "http://www.queenalice.com/game.php?id=1773489"]
[Date "2021.10.29"]
[Round "-"]
[White "Antonella"]
[Black "Gumo"]
[Result "0-1"]
[WhiteElo "1316"]
[BlackElo "1473"]

1. Nf3 Nc6 2. d4 Nb8 3. e4 e6 4. Nc3 c5 5. dxc5 Bxc5 6. e5 Ne7 7. a3 Nf5 8. b4
Be7 9. h4 a5 10. Bg5 Qc7 11. Qd2 b6 12. g4 Bb7 13. gxf5 Bxf3 14. Bg2 Bxg2 15.
O-O-O Bxb4 16. axb4 axb4 17. Nb5 Ra1+ 18. Kb2 Qxe5+ 19. Nd4 Ra4 20. Rhg1 Qa5 21.
Ra1 Ra3 22. Rxa3 Qxa3+ 23. Kb1 Bd5 24. Qd3 Qa2+ 25. Kc1 Qa1+ 26. Kd2 Qxg1 27. f4
h6 28. fxe6 hxg5 29. fxg5 Rxh4 30. Nf3 Bxf3 31. Qxf3 Rd4+ 32. Ke2 Qd1+ 33. Ke3
Qd2# 0-1

[Event "My hovercraft is full of eels"]
[Site "http://www.queenalice.com/game.php?id=1774836"]
[Date "2021.11.15"]
[Round "-"]
[White "Gumo"]
[Black "swampthing"]
[Result "1-0"]
[WhiteElo "1502"]
[BlackElo "1422"]

1. d4 d5 2. e3 Nf6 3. Nd2 c6 4. Ndf3 Ne4 5. Nh3 Bg4 6. c4 dxc4 7. Bxc4 Nd6 8. b3
b5 9. Be2 Nd7 10. Nfg5 Bf5 11. Bh5 g6 12. Bf3 e6 13. Bxc6 Rc8 14. d5 Be7 15. O-O
exd5 16. Bxd5 Bxg5 17. e4 Bxh3 18. Qd4 O-O 19. Bb2 Bf6 20. Qd2 Bxb2 21. Qxb2 Qg5
22. g3 Nxe4 23. Bxe4 Qe7 24. Rae1 Nf6 25. Bg2 Qd6 26. Bxh3 Rc5 27. Qa3 Ne4 28.
Rxe4 Qb6 29. Bg2 f5 30. Re2 b4 31. Qb2 Qa6 32. Re7 Rc3 33. Rc1 Qd3 34. Bf1 Qd6
35. Rb7 f4 36. Rxc3 Qd4 37. Rc2 1-0

[Event "Challenge"]
[Site "http://www.queenalice.com/game.php?id=1775498"]
[Date "2021.11.23"]
[Round "-"]
[White "Antonella"]
[Black "Gumo"]
[Result "0-1"]
[WhiteElo "1325"]
[BlackElo "1483"]

1. e4 b6 2. d4 Bb7 3. d5 Na6 4. a3 Nc5 5. Nc3 c6 6. b4 Ba6 7. bxc5 Bxf1 8. Kxf1
e6 9. Nge2 Qf6 10. Qd4 Bxc5 11. Qxf6 Nxf6 12. f3 O-O 13. dxc6 dxc6 14. Nf4 Bd4
15. Bb2 Nd7 16. Ra2 Rad8 17. Nce2 Bxb2 18. Rxb2 Ne5 19. Kf2 Nc4 20. Ra2 f5 21.
exf5 Rd2 22. fxe6 g5 23. Nd3 Re8 24. Ke1 Rxe6 25. Nc1 Rd7 26. h4 g4 27. Kf2 Ne3
28. Nd3 Nf5 29. Ndf4 Re3 30. fxg4 Rxe2+ 31. Nxe2 Nh6 32. Nd4 Rxd4 33. g5 Nf5 34.
g3 h5 35. c3 Rd6 36. Rd2 Rxd2+ 37. Kf3 Rc2 38. g4 Rxc3+ 39. Kf4 Ng3 40. Re1 hxg4
41. Kxg4 c5 42. Ra1 Ne4 43. Rf1 Nd2 44. Rf2 Rd3 45. h5 c4 46. g6 c3 47. h6 Rd4+
48. Kg5 Ne4+ 49. Kg4 Nxf2+ 50. Kf5 c2 51. h7+ Kh8 52. Kf6 Rd7 53. Ke6 Rg7 54.
Kf6 c1=Q 55. a4 Qf4+ 56. Ke6 Rxg6+ 57. Kd5 Rg5+ 58. Kc6 Ne4 59. Kb7 Nc5+ 60.
Kxa7 Qf6 61. Kb8 Rg7 62. a5 Qf8# 0-1

[Event "Challenge"]
[Site "http://www.queenalice.com/game.php?id=1782830"]
[Date "2022.2.15"]
[Round "-"]
[White "Gumo"]
[Black "Antonella"]
[Result "1-0"]
[WhiteElo "1536"]
[BlackElo "1314"]

1. Nc3 d5 2. Nf3 d4 3. Nb5 c5 4. b4 a6 5. Na3 cxb4 6. Nc4 b5 7. Nce5 f6 8. Nd3
e5 9. a4 bxa3 10. Ng1 b4 11. e3 Nc6 12. Qf3 Nge7 13. Qh5+ g6 14. Qf3 Qd6 15. Ne2
h5 16. Ng3 f5 17. c3 h4 18. Ne2 g5 19. Ng1 g4 20. Qd1 h3 21. cxb4 Ng6 22. Bxa3
Qd5 23. f3 hxg2 24. Bxg2 Nh4 25. Bf1 Bb7 26. Nc5 Bxc5 27. bxc5 gxf3 28. Rb1 f2+
29. Kxf2 dxe3+ 30. dxe3 Ne7 31. Rxb7 O-O-O 32. Qb3 Qxh1 33. Rb8+ Kc7 34. Qb6+
Kd7 35. c6+ Ke8 36. Qxd8+ Kf7 37. Bc4+ Qd5 38. Bxd5+ Nxd5 39. Qxd5+ Kf6 40. Rxh8
f4 41. Rf8+ Kg7 42. Qxe5+ Kh7 43. Rf7+ Kh6 44. Rf6+ Ng6 45. Bf8+ Kh7 46. Qh5+
Kg8 47. Qxg6+ Kh8 48. Qg7# 1-0

[Event "Retraiteactive"]
[Site "http://www.queenalice.com/game.php?id=1786365"]
[Date "2022.4.5"]
[Round "1"]
[White "Gumo"]
[Black "zoe001"]
[Result "0-1"]
[WhiteElo "1536"]
[BlackElo "1886"]

1. g4 e6 2. c3 d5 3. Bg2 c5 4. Qa4+ Bd7 5. Qf4 Bc6 6. Nf3 Bd6 7. Ne5 Bxe5 8.
Qxe5 Qf6 9. Qc7 Ne7 10. Qd6 O-O 11. Qxc5 Nd7 12. Qd4 Ne5 13. g5 Qxg5 14. Rg1 Qh5
15. Bf3 Qxh2 16. Rf1 Nxf3+ 17. exf3 Bb5 18. Qg4 Bxf1 19. Kxf1 Qh1+ 20. Qg1 Qxf3
21. Na3 Ng6 22. d4 Qd1+ 23. Kg2 Nh4+ 24. Kg3 Qxg1+ 25. Kxh4 Qxf2+ 26. Kh3 f5 27.
Bg5 Qxb2 28. Rb1 Qxa3 29. Bd2 Qxa2 0-1

[Event "Paludarium Inhabitants"]
[Site "http://www.queenalice.com/game.php?id=1786511"]
[Date "2022.4.7"]
[Round "-"]
[White "swampthing"]
[Black "Gumo"]
[Result "0-1"]
[WhiteElo "1430"]
[BlackElo "1532"]

1. e3 Nc6 2. Nf3 b5 3. c3 Bb7 4. Bxb5 a6 5. Bxc6 Bxc6 6. d4 Nf6 7. b4 a5 8. Qb3
e6 9. Nbd2 axb4 10. cxb4 Ra4 11. b5 Rb4 12. bxc6 Rxb3 13. axb3 Bb4 14. Ra4 Bd6
15. Ba3 O-O 16. Nc4 Qb8 17. b4 Qb5 18. Nb2 Qxc6 19. O-O Ra8 20. Ra5 Qb6 21. Nc4
Qb7 22. Rb1 Qb8 23. Nfe5 c5 24. dxc5 Bxe5 25. Nxe5 Rxa5 26. c6 Rxe5 27. Rd1 d5
28. Rc1 Ne8 29. f4 Rxe3 30. Rb1 Qxf4 31. Bc1 Re1# 0-1

[Event "Retraiteactive"]
[Site "http://www.queenalice.com/game.php?id=1788368"]
[Date "2022.5.6"]
[Round "2"]
[White "PaulMSains"]
[Black "Gumo"]
[Result "1-0"]
[WhiteElo "1981"]
[BlackElo "1543"]

1. e4 Nf6 2. Nc3 d6 3. Be2 a6 4. Nf3 e5 5. O-O Bg4 6. h3 Bxf3 7. Bxf3 d5 8. exd5
Bd6 9. Re1 O-O 10. d4 c5 11. dxe5 Bc7 12. d6 Bb6 13. exf6 g6 14. Nd5 Kh8 15. Ne7
Nc6 16. Bh6 Rg8 17. Nxg8 Kxg8 18. Bxc6 bxc6 19. Re7 Ra7 20. d7 Rxd7 21. Rxd7
Qxf6 22. Rd6 Qh4 23. Qd2 Ba5 24. Qxa5 Qxh6 25. Qd8+ Qf8 26. Qxf8+ Kxf8 27. Rxc6
f5 28. Rxa6 Kg7 29. Rd1 Kh6 30. g4 fxg4 31. hxg4 Kg5 32. Rd5+ Kh4 33. Rxc5 h6
34. Rxg6 h5 35. Rxh5# 1-0

[Event "Atredies v Harkonnen"]
[Site "http://www.queenalice.com/game.php?id=1798462"]
[Date "2022.10.22"]
[Round "-"]
[White "swampthing"]
[Black "Gumo"]
[Result "1-0"]
[WhiteElo "1419"]
[BlackElo "1544"]

1. e4 c5 2. d4 e6 3. Nf3 Nf6 4. Bd3 cxd4 5. Nxd4 Bc5 6. c3 Nc6 7. Nd2 Ne5 8.
N2b3 Bb6 9. Bf4 Nfg4 10. g3 d5 11. Bb5+ Nc6 12. Nxc6 bxc6 13. Bxc6+ Bd7 14. Qxg4
g6 15. Bxa8 Qxa8 16. Qe2 dxe4 17. Rd1 Bc6 18. O-O O-O 19. Be5 e3 20. Qc4 exf2+
21. Rxf2 Bxf2+ 22. Kxf2 Bg2 23. Qf4 Bh3 24. Qf6 Qg2+ 25. Ke3 Qxb2 26. Qg7# 1-0

[Event "spitfire vs messerschmitt"]
[Site "http://www.queenalice.com/game.php?id=1821034"]
[Date "2023.9.18"]
[Round "-"]
[White "swampthing"]
[Black "Gumo"]
[Result "1-0"]
[WhiteElo "1389"]
[BlackElo "1523"]

1. Nc3 e6 2. e4 Nf6 3. b3 b6 4. d3 Bc5 5. Be3 Ng4 6. Qxg4 g6 7. d4 Bb4 8. Ne2
Ba6 9. Bg5 f6 10. Bh4 Nc6 11. Qf4 g5 12. Qg4 h5 13. Qg3 Nxd4 14. Nxd4 Bxf1 15.
Rxf1 Bxc3+ 16. Qxc3 gxh4 17. O-O-O Qe7 18. Nb5 Rc8 19. Nxa7 Qa3+ 20. Kb1 Qxa7
21. Qxf6 Rf8 22. Qxh4 Ra8 23. Qxh5+ Rf7 24. f4 Qxa2+ 25. Kc1 Qa1+ 26. Kd2 Qd4+
27. Ke2 Qb2 28. Rd2 Qc3 29. Rfd1 1-0